000
00211nam a22000857a 4500
008
170622b xxu||||| |||| 00| 0 eng d
100
_9
3643
_a
NCERT
245
_a
Lab manual chemistry - XI
260
_a
NCERT
_b
NCERT
_c
2008
999
_c
7038
_d
7038